Bordering Countries - Statistics

General Stats
  • This quiz has been taken 833 times
  • The average score is 19 of 20
Answer Stats
Country Directions Answer % Correct
Sweden West Norway
100%
Nepal North China
98%
Ecuador South Peru
98%
Lesotho Any Direction South Africa
98%
Monaco Any Direction France
97%
Dominican Republic West Haiti
97%
Suriname East French Guiana
96%
Thailand West Myanmar
96%
North Korea North-East Russia
95%
North Macedonia South Greece
94%
Cambodia East Vietnam
94%
Liechtenstein East Austria
93%
Botswana West Namibia
93%
Honduras South-West El Salvador
92%
Israel North Lebanon
92%
Brunei Any Direction Malaysia
92%
Kenya East Somalia
90%
Uzbekistan South Turkmenistan
89%
Lithuania West Russia
88%
Zambia East Malawi
79%
No matching quizzes found
Score Distribution
Percent of People with Each Score
Percentile by Number Answered
Your Score History
You have not taken this quiz